00502nam a2200157 450000500170000002000150001708200170003210000160004924500850006526000350015030000070018549000540019252000330024665000440027970000210032320250822150421.0 a9552305438 a 541.372 BAN aBandarage,G aBasic Principles of Chemistry Part VI : Conductivity of Electrolytes in Solution aColombobOpen Universityc1995 a99 aConductivity of Electrolytes in Solution-CHU 1221 aBachelor of science Level -3 aConductivity , Electrolytes in Solution abasic principles